01001nam a2200241 a 450000100100000000500170001000800410002704000250006808200210009310000480011424501120016226000490027430000310032350000630035450400310041759000260044865000290047465000410050370000420054491000370058695201190062399900170074200002642220240226145041.0110317s1978 dr c 000 0 spa d aDO-SdBNPbspacBNPHU a970.00496bL453e1 aLebrón Saviñón, Carlos,d1924-92919510aEste negro nuestro a quien debemos querer /cCarlos Lebrón Saviñón ; prólogo Enrique Patín Veloz. aSanto Domingo :bCultural Dominicana,c1978. a267 p. :bretrs. ;c21 cm. aIncluye datos biográficos del autor en la contracubierta aBibliografía: p. 265-267 aInventariado, 2020/YL 4aNegroszAmérica953466 4aNegroszRepública Dominicana9255812aPatín Veloz, Enriqueepról.93425 aValidado. Control de calidad MFF 0010718PDaPDbPDcHDd2011-03-17iLF1l0o970.00496 L453ep26422-10r2020-06-25w2020-06-25yLFPDZNo se presta c25914d25914